Kézilabda. A JATE és az Algyő csapata a bajnok
Elmentve itt :
| Dokumentumtípus: | Cikk |
|---|---|
| Megjelent: |
1979-11-17
|
| Sorozat: | Délmagyarország
69 No. 269 |
| Online Access: | http://dmarchiv.bibl.u-szeged.hu/89960 |
| LEADER | 00388nab a2200133 i 4500 | ||
|---|---|---|---|
| 001 | delm89960 | ||
| 005 | 20190521093412.0 | ||
| 008 | 190521s1979 hu o 0|| hun d | ||
| 040 | |a SZTE Délmagyarország Archívum |b hun | ||
| 041 | |a hun | ||
| 245 | 0 | 0 | |a Kézilabda. A JATE és az Algyő csapata a bajnok |h [elektronikus dokumentum] |
| 260 | |c 1979-11-17 | ||
| 300 | |a 6 | ||
| 490 | 0 | |a Délmagyarország |v 69 No. 269 | |